000 00733nam a2200205 a 4500
001 000035819
005 20200930074634.0
008 111114s1973 cl 000 0 spa d
040 _aDO-SdBNP
_bspa
_cBNPHU
100 1 _aNguyen-Khac-Vien.
_961781
245 1 0 _aBreve historia del neocolonialismo norteamericano /
_cNguyen-Khac-Vien.
260 _aMedellin :
_bLa Oveja Negra,
_c1973.
300 _a169 p. :
_bil. ;
_c19 cm.
490 1 _aCuadernos La Oveja Negra ;
500 _aIncluye referencias bibliográficas y notas al pie de las páginas
590 _aPerteneció a la biblioteca personal de Juan Isidro Jimenes Grullón
700 1 _aVo-Nhan-Tri.
_961782
830 0 _aCuadernos La Oveja Negra ;
_961783
049 _aBNPD
999 _c35310
_d35310